Graft materials in vascular surgery / (Record no. 4302)

000 -LEADER
fixed length control field 01117nam a2200265 i 4500
003 - CONTROL NUMBER IDENTIFIER
control field OSt
005 - DATE AND TIME OF LATEST TRANSACTION
control field 20220322075905.0
008 - FIXED-LENGTH DATA ELEMENTS--GENERAL INFORMATION
fixed length control field 791023s1978 flua b 101 0 eng
020 ## - INTERNATIONAL STANDARD BOOK NUMBER
International Standard Book Number 0815122721
040 ## - CATALOGING SOURCE
Transcribing agency ALUPE UNIVERSITY COLLEGE
050 00 - LIBRARY OF CONGRESS CALL NUMBER
Classification number RD598
Item number .G7 1978
245 00 - TITLE STATEMENT
Title Graft materials in vascular surgery /
Statement of responsibility, etc. editor, Herbert Dardik.
260 ## - PUBLICATION, DISTRIBUTION, ETC.
Place of publication, distribution, etc. Miami :
Name of publisher, distributor, etc. Symposia Specialists ;
Place of publication, distribution, etc. Chicago :
Name of publisher, distributor, etc. distributed by Year Book Medical Publishers,
Date of publication, distribution, etc. c1978.
300 ## - PHYSICAL DESCRIPTION
Extent xiv, 425 p. :
Other physical details ill. ;
Dimensions 24 cm.
500 ## - GENERAL NOTE
General note Papers originally presented at a symposium sponsored by the Vascular Surgical Service of the Englewood Hospital and the New Jersey College of Medicine.
504 ## - BIBLIOGRAPHY, ETC. NOTE
Bibliography, etc. note Includes bibliographical references and index.
650 #0 - SUBJECT ADDED ENTRY--TOPICAL TERM
Topical term or geographic name entry element Vascular grafts
General subdivision Congresses.
650 #0 - SUBJECT ADDED ENTRY--TOPICAL TERM
Topical term or geographic name entry element Blood-vessel prosthesis
General subdivision Congresses.
650 #0 - SUBJECT ADDED ENTRY--TOPICAL TERM
Topical term or geographic name entry element Blood-vessels
General subdivision Surgery
-- Congresses.
700 1# - ADDED ENTRY--PERSONAL NAME
Personal name Dardik, Herbert.
710 2# - ADDED ENTRY--CORPORATE NAME
Corporate name or jurisdiction name as entry element Englewood Hospital.
Subordinate unit Vascular Surgical Service.
710 2# - ADDED ENTRY--CORPORATE NAME
Corporate name or jurisdiction name as entry element College of Medicine and Dentistry of New Jersey.
906 ## - LOCAL DATA ELEMENT F, LDF (RLIN)
a 7
b cbc
c orignew
d 2
e ocip
f 19
g y-gencatlg
942 ## - ADDED ENTRY ELEMENTS (KOHA)
Source of classification or shelving scheme
Koha item type Book
Suppress in OPAC PW
Holdings
Withdrawn status Lost status Source of classification or shelving scheme Damaged status Not for loan Permanent Location Current Location Shelving location Date acquired Source of acquisition Total Checkouts Full call number Barcode Date last seen Price effective from Koha item type Public note
          AU LIBRARY AU LIBRARY Open Shelf 22.03.2022 DONATION FROM MOI UNIVERSITY   RD598 .G7 1978 28006191 22.03.2022 22.03.2022 Book PW

Powered by Koha